La casa de Bernarda Alba / (Record no. 120588)

MARC details
000 -LEADER
campo de control de longitud fija 01650cam a22002895a 4500
001 - NÚMERO DE CONTROL
campo de control 104588
003 - IDENTIFICADOR DE NÚMERO DE CONTROL
campo de control BJBSDDR
005 - FECHA Y HORA DE LA ÚLTIMA TRANSACCIÓN
campo de control 20240814165645.0
007 - CAMPO FIJO DE DESCRIPCIÓN FÍSICA--INFORMACIÓN GENERAL
campo de control de longitud fija ta
008 - DATOS DE LONGITUD FIJA--INFORMACIÓN GENERAL
campo de control de longitud fija 300124s2020 sp 000 0 spa
010 ## - NÚMERO DE CONTROL DE LA BIBLIOTECA DEL CONGRESO
Número de control de LC 2008922885
020 ## - NÚMERO INTERNACIONAL ESTÁNDAR DEL LIBRO
Número Internacional Estándar del Libro 9788420479606
020 ## - NÚMERO INTERNACIONAL ESTÁNDAR DEL LIBRO
Número Internacional Estándar del Libro 8420479608
035 ## - NÚMERO DE CONTROL DEL SISTEMA
Número de control de sistema 15177623
040 ## - FUENTE DE CATALOGACIÓN
Centro catalogador/agencia de origen BJBSDDR
Centro/agencia transcriptor BJBSDDR
Centro/agencia modificador DLC
Lengua de catalogación spa
041 ## - CÓDIGO DE IDIOMA
Código de lengua del texto/banda sonora o título independiente spa
050 14 - SIGNATURA TOPOGRÁFICA DE LA BIBLIOTECA DEL CONGRESO
Número de clasificación PQ 6613
Número de ítem G216c 2020
100 1# - ENTRADA PRINCIPAL--NOMBRE DE PERSONA
Nombre de persona Garcia Lorca, Federico,
Fechas asociadas al nombre 1898-1936.
9 (RLIN) 34090
245 13 - MENCIÓN DEL TÍTULO
Título La casa de Bernarda Alba /
Mención de responsabilidad, etc. Federico García Lorca ; ilustraciones de Mayte Alvarado.
260 ## - PUBLICACIÓN, DISTRIBUCIÓN, ETC.
Lugar de publicación, distribución, etc. Barcelona :
Nombre del editor, distribuidor, etc. Penguin Random House Editorial,
Fecha de publicación, distribución, etc. 2020.
300 ## - DESCRIPCIÓN FÍSICA
Extensión 109 páginas ;
Dimensiones 21 cm.
520 ## - RESUMEN, ETC.
Sumario, etc. Es una obra teatral en tres actos escrita en 1936 por Federico García Lorca. No pudo estrenarse ni publicarse hasta 1945, en Buenos Aires. Gracias a la iniciativa de Margarita Xirgu expone la historia de Bernarda Alba, quien tras haber enviudado por segunda vez a los 60 años decide vivir los siguientes ocho años en el más riguroso luto. Lorca describe la España profunda de principios del siglo xx, caracterizada por una sociedad tradicional muy violenta en la que el papel que desempeña la mujer es secundario. Otros rasgos destacados son el fanatismo religioso y el miedo a descubrir la intimidad. Con Bernarda viven sus cinco hijas (Angustias, Magdalena, Amelia, Martirio y Adela), su madre y sus dos criadas. Entre estas últimas se encuentra Poncia, una criada que ha vivido treinta años al servicio de la anciana.
650 #0 - PUNTO DE ACCESO ADICIONAL DE MATERIA--TÉRMINO DE MATERIA
Término de materia o nombre geográfico como elemento de entrada Teatro
9 (RLIN) 132
700 1# - ENTRADA AGREGADA--NOMBRE PERSONAL
Nombre de persona Alvarado, Mayte,
Fechas asociadas al nombre 1978-
9 (RLIN) 34094
Término indicativo de función/relación Ilustradora
942 ## - ELEMENTOS DE ENTRADA SECUNDARIOS (KOHA)
Fuente del sistema de clasificación o colocación Clasificación de Library of Congress
Tipo de ítem Koha Libro
946 ## - PROCESAMIENTO DE INFORMACIÓN LOCAL (OCLC)
Iniciales del agente catalogador rmza
Holdings
Estatus retirado Estado de pérdida Fuente del sistema de clasificación o colocación Estado de daño No para préstamo Colección Biblioteca de origen Biblioteca actual Ubicación en estantería Fecha de adquisición Signatura topográfica completa Código de barras Visto por última vez Copia número Tipo de ítem Koha
    Clasificación de Library of Congress     Ciencias Sociales Biblioteca Juan Bosch Biblioteca Juan Bosch Ciencias Sociales (3er. Piso) 30/01/2024 PQ 6613 G216c 2020 00000174579 30/01/2024 1 Libro